Lecciones de Derecho Internacional Público

Gardado en:
Detalles Bibliográficos
Autor Principal: Paz Barnica, Edgardo
Formato: Texto
Publicado: Madrid: Instituto de Cooperación Iberaomericana, Cultura Hispánica
Etiquetas: Engadir etiqueta
Sen Etiquetas, Sexa o primeiro en etiquetar este rexistro!

MARC

LEADER 00000 a a2200000 04500
001 24707
003
040
020 |a 84-7232-344-7  
090 |a 173300  
100 |a Paz Barnica, Edgardo  
245 |a Lecciones de Derecho Internacional Público  
260 |a Madrid:   |b Instituto de Cooperación Iberaomericana,   |c Cultura Hispánica  
300 |a 482 p  
999 |c 14963  |d 14963